50% Single Letter Capitals - Statistics

General Stats
  • This quiz has been taken 1,034 times
    571 since last reset
  • The average score is 5 of 9
Answer Stats
Letter Capital Country % Correct
O Oslo Norway
69%
A Ankara Turkey
57%
I Dili East Timor
55%
A Manama Bahrain
55%
A Sana'a Yemen
55%
A Astana Kazakhstan
47%
A Apia Samoa
44%
A Asmara Eritrea
43%
A Havana Cuba
39%
No matching quizzes found
Score Distribution
Percent of People with Each Score
Percentile by Number Answered
Your Score History
You have not taken this quiz since the last reset